Terminológia obchodu z pohľadu orgánu štátnej správy, zodpovedného za vytváranie podnikateľského prostredia
Konkrétne kroky Ministerstva hospodárstva SR, zamerané na zavádzanie a používanie správnej odbornej terminológie, vrátanie terminológie obchodu. Zriadenie terminologickej komisie, ktorej v pôsobnosti je uplatňovanie zásady na ustaľovanie, úpravu a poožívanie odborných termínov v pôsobnosti orgánov...
Salvato in:
| Autore principale: | |
|---|---|
| Natura: | Capitolo di libro |
| Lingua: | slovacco |
| Soggetti: | |
| Tags: |
Nessun Tag, puoi essere il primo ad aggiungerne!!
|
MARC
| LEADER | 00000naa$a2200000$$$4500 | ||
|---|---|---|---|
| 001 | 0039407 | ||
| 005 | 20060308082353.5 | ||
| 041 | 0 | |a slo | |
| 044 | |a SK | ||
| 245 | 1 | 0 | |a Terminológia obchodu z pohľadu orgánu štátnej správy, zodpovedného za vytváranie podnikateľského prostredia |c Jozef Horváth |
| 520 | |a Konkrétne kroky Ministerstva hospodárstva SR, zamerané na zavádzanie a používanie správnej odbornej terminológie, vrátanie terminológie obchodu. Zriadenie terminologickej komisie, ktorej v pôsobnosti je uplatňovanie zásady na ustaľovanie, úpravu a poožívanie odborných termínov v pôsobnosti orgánov štátnej správy a riešenie otázok spojených s určovaním zásad na ustaľovanie a úpravu a používanie odbornej terminológie v slovenskom jazyku. | ||
| 610 | 2 | 0 | |a terminológia |
| 610 | 2 | 0 | |a obchod |
| 610 | 2 | 0 | |a správa štátna |
| 610 | 2 | 0 | |a pojmy |
| 610 | 2 | 0 | |a unifikácia |
| 610 | 2 | 0 | |a slovenčina |
| 100 | 1 | |a Horváth, Jozef | |